000 00351nam a2200133Ia 4500
005 20251222144826.0
008 251222s9999||||xx |||||||||||||| ||spa||
082 _a651.74/V46R
100 _aVentura Vera, Jorge
245 0 _aRedacción de Documentos Administrativos:
250 _a2a.ed.
264 _bEdiciones Educación en Reforma
942 _cLIB
999 _c20660
_d20660